| 000 | 00499nam a2200205Ia 4500 | ||
|---|---|---|---|
| 008 | 170918s9999 xx 000 0 und d | ||
| 020 | _a7807300499 | ||
| 050 | _bL847 1999 | ||
| 100 | _aBridwell, Norman | ||
| 245 | _aClifford's scary halloween / | ||
| 245 | _cNorman Bridwell. | ||
| 260 | _aNew York : | ||
| 260 | _bScholastic, | ||
| 260 | _c2002 | ||
| 300 | _aunpaged : | ||
| 300 | _bcolored illustration ; | ||
| 300 | _c26cm. | ||
| 440 | _aClifford the big red dog. | ||
| 500 | _a160 | ||
| 999 |
_c341029 _d341029 |
||